| 000 | 01194nam0a2200289 4500 | ||
|---|---|---|---|
| 001 | RU\NLR\bibl\1916968 | ||
| 005 | 20260406062514.0 | ||
| 010 |
_a978-5-913-37039-6 _93000 |
||
| 021 |
_aRU _b2012-40851 _93019 |
||
| 035 | _a(NLR Aleph) 001906456 | ||
| 090 |
_a3117386 _c3117386 |
||
| 100 | _a20120622d2012 |||y0rusy50 ca | ||
| 101 | 0 | _arus | |
| 102 | _aRU | ||
| 105 | _aa ||||||||| | ||
| 200 | 1 |
_aФирифки _eфизика в рифмах _e[для детей старшего школьного возраста] _fАя эН _g[нарисовал Александр Яковлев] |
|
| 210 |
_aМосква _cАприори-пресс _d2012 |
||
| 215 |
_a127 с. _cил. _d30 |
||
| 686 |
_aШ9 _bВ3 |
||
| 700 | 0 |
_4070 _8rus _7ca _aАя эН _cпсевдоним _f1965- _3RU\NLR\AUTH\7712687 _9122398 |
|
| 702 | 1 |
_4440 _aЯковлев _bА. В. _cхудожник _f1974- _gАлександр Васильевич _936230 _3RU\NLR\AUTH\7753298 |
|
| 801 | 0 |
_aRU _bNLR _c20120622 _gRCR |
|
| 801 | 1 |
_aRU _bNLR _c20120622 |
|
| 942 | _cBOOK | ||
| 980 | _aNB | ||